000 00642 a2200181 4500
001 142080
040 _cLeonardo Da Vinci
041 _aPortuguês
082 _a512 S724e
_bS724e
100 _aSPANGLER, W. M
245 _aElementos de álgebra
_bpreparado especialmente para cátedra à distância
250 _av.3
260 _bEscolas Internacionais da América Latina
_c197-
_aSão Paulo
300 _a75
362 _a197-0000
697 _aMatemática
_aÁlgebra
_aFração
_aRedução
_aAdição
_aSubtração
_aMultiplicação
_aDivisão
_aExpoente Fracionário
_aRadicais
_aExpoente Negativo
_aPotenciação
_aEnsino Médio
942 _cBK
999 _c142080
_d142080